'R'-Less States Quiz Stats

 Plays Quiz Updated Apr 8, 2016

Also try: 'N'-Less States
Challenge
Share
Tweet
Embed
Score 0/29 Timer 03:00
21 Plays Today
State % Correct
Texas
94%
Washington
93.1%
Maine
92.8%
Ohio
90.8%
Alaska
90.3%
Alabama
90.1%
Hawaii
88.9%
New Mexico
88.6%
Mississippi
87.4%
Idaho
86.8%
Illinois
86.7%
Michigan
86.3%
Iowa
85.9%
Kansas
85.9%
Tennessee
85.5%
State % Correct
Kentucky
85.4%
South Dakota
85.2%
Montana
84.9%
Utah
84.3%
Indiana
83.1%
Pennsylvania
82.6%
Nevada
82.1%
Louisiana
81.9%
Wyoming
81.4%
Connecticut
80.7%
Oklahoma
80.2%
Wisconsin
79%
Massachusetts
78.9%
Minnesota
78.7%

You're not logged in!

Compare scores with friends on all Sporcle quizzes.
OR
Log In

You Might Also Like...

Show Comments

Extras

Top Quizzes Today


Score Distribution

Your Account Isn't Verified!

In order to create a playlist on Sporcle, you need to verify the email address you used during registration. Go to your Sporcle Settings to finish the process.

Report this User

Report this user for behavior that violates our Community Guidelines.

Details: